| 000 | | | 03808nmc2a22002413x 450 |
| 001 | | | c8d39ca9-f80f-4c27-973f-72f4b11372ec |
| 005 | | | 20260203011001.0 |
| 100 | ## | $a | 20250723l18301831k l0rusy0189 ca |
| 101 | 0# | $a | rus |
| 102 | ## | $a | RU |
| 105 | ## | $a | y### |
| 122 | 2# | $a | d |
| 200 | 1# | $a | Дело по отношениям Государственного контроля с квитанциями по отчетам разных учебных заведений и о принятии расходом 47800 рублей, выданных Дерптским университетом за пристройку к Анатомическому театру |
| | $j | 17 мая 1830 г. - 18 марта 1831 г. |
| 215 | ## | $a | 78 л. |
| | $d | 36,5х26 см |
| 251 | ## | $c | Дело |
| 300 | ## | $a | На бланке обложки указано: "Отделения четвертого. Стол второй" |
| 371 | ## | $a | Документ не является опубликованным и широко распространяемым |
| 461 | #0 | $1 | 001a74412a3-3cc5-4d21-8f0a-dfe2fbd9e72d |
| | $1 | 2001 |
| | $a | Департамент народного просвещения Министерства народного просвещения (1803-1917) |
| | $1 | 251 |
| | $c | Фонд |
| | $1 | 852 |
| | $j | 733 |
| 462 | #0 | $1 | 001ccc93d8c-a161-4593-b7db-1a3e4c2bc189 |
| | $1 | 2001 |
| | $a | Дела счетного отделения Департамента народного просвещения за 1819-1838 годы |
| | $1 | 251 |
| | $c | Опись |
| | $1 | 852 |
| | $j | 111 |
| 801 | #0 | $a | RU |
| | $b | РГИА |
| | $c | 20250723 |
| | $g | RCR |
| 801 | #1 | $a | RU |
| | $b | ГлавНИВЦ |
| | $c | 20250723 |
| | $2 | rusmarc |
| 801 | #2 | $a | RU |
| | $b | ПБ им. Б.Н. Ельцина |
| | $c | 20260203 |
| | $g | RCR |
| | $2 | rusmarc |
| 850 | ## | $a | РГИА |
| 852 | ## | $a | РГИА |
| | $e | Федеральное казенное учреждение "Российский государственный исторический архив" (РГИА) |
| | $j | 557 |
| 937 | ## | $h | РГИА |
| | $d | 12095032 |
| | $a | ASBIBLIO_SCAN |
| 035 | ## | $a | RusGRCC00088829 |
| 856 | ## | $u | http://readingroom.main.prlib.ru/item.aspx?id_node=n200338533&mode=full |